LIBRARY & INFORMATION CENTRE, KCAET, TAVANUR

ONLINE PUBLIC ACCESS CATALOGUE (OPAC)

Irrigation and water power engineering / (Record no. 2747)

MARC details
000 -LEADER
fixed length control field 00418cam a2200157ua 4500
003 - CONTROL NUMBER IDENTIFIER
control field OSt
008 - FIXED-LENGTH DATA ELEMENTS--GENERAL INFORMATION
fixed length control field 241107b |||||||| |||| 00| 0 eng d
020 ## - INTERNATIONAL STANDARD BOOK NUMBER
ISBN 9788170080848
082 ## - DEWEY DECIMAL CLASSIFICATION NUMBER
Classification number 631.587
Item number PUN/IR
100 ## - MAIN ENTRY--AUTHOR NAME
Personal name Punmia , B C
245 ## - TITLE STATEMENT
Title Irrigation and water power engineering /
260 ## - PUBLICATION, DISTRIBUTION, ETC. (IMPRINT)
Place of publication New Delhi :
Name of publisher Standard Book House ,
Year of publication 1972.
300 ## - PHYSICAL DESCRIPTION
Number of Pages 780 ; .
700 1# - ADDED ENTRY--PERSONAL NAME
Personal name Basilal, Pande Brij.
942 ## - ADDED ENTRY ELEMENTS (KOHA)
Koha item type Books
Holdings
Withdrawn status Lost status Damaged status Home library Current library Shelving location Date acquired Full call number Accession Number Koha item type
      KAUAET KAUAET Shelf- 13A 07/04/2012 631.587 PUN/IR 13431 Books
      KAUAET KAUAET Shelf- 13A 20/08/1986 631.587 PUN/IR 15440 Books
      KAUAET KAUAET Shelf- 13A 07/04/2012 631.587 PUN/IR 21362 Books
      KAUAET KAUAET Shelf- 13A 07/04/2012 631.587 PUN/IR 22222 Books
free website counter